Els Llibres de privilegis de Tàrrega (1058-1473) / edició a cura de Gener Gonzalvo i Bou ... [et al.]
Descripción Física:
613 p. ; 24 cm
Colección:
Llibres de privilegis ; 6
MARC
| LEADER | 00000nam a2200000Ia 4500 | ||
|---|---|---|---|
| 001 | 11971 | ||
| 008 | 160829s1997 xx 000 0 cat d | ||
| 080 | |a H-1-97 | ||
| 245 | |a Els Llibres de privilegis de Tàrrega (1058-1473) / edició a cura de Gener Gonzalvo i Bou ... [et al.] | ||
| 260 | |a Barcelona : |b Fundació Noguera ; Lleida : |b Pagès, |c 1997 | ||
| 300 | |a 613 p. ; |c 24 cm | ||
| 490 | |a Llibres de privilegis ; 6 | ||
| 650 | |a Tàrrega |x Història |x Fins al 1500 |x Fonts |9 33162 | ||
| 650 | |a Tàrrega |x Cartes, privilegis, immunitats |9 33163 | ||
| 700 | |a Gonzalvo i Bou, Gener, ed. |9 27899 | ||
| 700 | |a Fundació Noguera |9 70407 | ||
| 901 | |a Arxiu | ||
| 942 | |n 1 | ||
| 952 | |0 0 |1 0 |4 0 |6 H197 |7 1 |9 46218 |a Arxiu |b Arxiu |d 2016-12-01 |l 0 |o H-1-97 |p 11971 |r 2016-12-01 00:00:00 |w 2016-12-01 |y ARXIU | ||
| 999 | |c 49720 |d 49720 | ||